| 000 | 00358nam a2200145Ia 4500 | ||
|---|---|---|---|
| 005 | 20251222152032.0 | ||
| 008 | 251222s9999||||xx |||||||||||||| ||spa|| | ||
| 020 | _a964661837 | ||
| 082 | _a636.296.6/S61/Ej.2 | ||
| 100 | _aSmith, Bradford B. | ||
| 245 | 0 | _aLlama and Alpaca Neonatal Care | |
| 250 | _a2da. ed. | ||
| 264 | _bBixby Pres, Inc. | ||
| 942 | _cLIB | ||
| 999 |
_c25710 _d25710 |
||